000 00438nam a2200181Ia 4500
008 221030s9999 xx 000 0 und d
020 _a8131716830
041 _aEnglish
082 _a105.23
100 _aP. Kotler
245 0 _aMarketing Management
_cby P. Kotler, K. L. Kotler
250 _a13th
260 _bPearson Edcuation
_aNew Delhi
_c2011
300 _a647
650 _aManagement
700 _aK. L. Kotler
942 _cBK
999 _c9442
_d9442